000 00754nam a2200241Ia 4500
003 OSt
005 20220926011841.0
006 a|||||r|||| 00| 0
007 ta
008 220923b |||||||| |||| 00| 0 eng d
037 _cGeneral Book
040 _aRTL
_cRTL
_beng
041 _2eng
_aeng
082 _aX651, L3
100 _aMelcher Bearitee
_9315129
245 0 _aStockholders equity
260 _aNew York
_bAmerican Institute of Certified Public Accountants
_c1973
300 _axv, 355p Bibliography p 327-41
_ccm.
490 _aAmerican Institute of Certified Public Accountants, Accounting research study. 15
650 _aStock Exchange
942 _hX651, L3
_cGB
_2CC
999 _c621185
_d621185